[Event "Sao Paulo Ataque Duplo op"]
[White "De Menezes, Ricardo Fagner Dias"]
[Black "Santana, Mateus Santos"]
[Site "Sao Paulo"]
[Round "5"]
[Result "0-1"]
[Date "2024.08.17"]
[WhiteElo "1864"]
[BlackElo "1800"]
[PlyCount "131"]
[EventDate "2024.08.17"]
[EventType "swiss"]
[EventRounds "5"]
[EventCountry "BRA"]
[SourceTitle "CBM 221 Extra"]
[Source "ChessBase"]
[SourceDate "2024.09.30"]
[SourceVersion "1"]
[SourceVersionDate "2024.09.30"]
[SourceQuality "1"]

1. d4 Nf6 2. c4 g6 3. Nc3 Bg7 4. e4 d6 5. h3 0-0 6. Bd3 e5 7. d5 Nbd7 8. g4 Nc5 9. Bc2 a5 10. Nge2 Nfd7 11. Ng3 Nb6 12. Qe2 Qh4 13. Kf1 c6 14. Kg2 Bd7 15. Be3 f5 16. gxf5 gxf5 17. exf5 Nxc4 18. Qg4 Nxe3+ 19. fxe3 Qh6 20. Rae1 Rf6 21. Qh5 Raf8 22. Qxh6 Bxh6 23. e4 Kh8 24. Kf3 Rg8 25. Nh5 Rff8 26. Reg1 Rg5 27. Rxg5 Bxg5 28. Rh2 Be8 29. Ng3 Bf4 30. Nce2 Bh5+ 31. Nxh5 Bxh2 32. Kg2 Bf4 33. Nexf4 exf4 34. Nxf4 cxd5 35. Nxd5 b5 36. Kf3 Nd7 37. Ke3 Rg8 38. Kf2 Rc8 39. Bd3 b4 40. Ne3 Kg7 41. Ke2 h5 42. Bc4 Kf6 43. Be6 Rd8 44. Nd5+ Ke5 45. Ne7 Nb8 46. Ke3 Re8 47. Ng6+ Kf6 48. Nf4 Kg5 49. h4+ Kxh4 50. Bf7 Rc8 51. Bxh5 Rc2 52. Be8 Kg5 53. Nd5 Rc8 54. Ba4 Na6 55. Nf4 Nc5 56. Bd1 a4 57. Nd5 Rb8 58. Bc2 Nd7 59. Bd3 Nf6 60. Nf4 Ng4+ 61. Kf3 Nf6 62. Ne6+ Kh6 63. Nd4 Re8 64. Bc4 Nd7 65. Be6 Ne5+ 66. Ke2 0-1